000 00244nam a22001097a 4500
999 _c4864
_d4864
008 250325b ||||| |||| 00| 0 eng d
082 _aFIC FUJ
100 _aFUJIKO F.FUJIO
_eAUTHOR
245 _aDORAEMON 43
260 _bSHOGAKUKAN
942 _2ddc